[Event "Jugend WM U20"]
[Site "Istanbul"]
[Date "2005.11.14"]
[Round "6.13"]
[White "Zhigalko, Andrey"]
[Black "Perdomo, Leandro"]
[Result "1-0"]
[WhiteElo "2537"]
[BlackElo "2373"]
[PlyCount "97"]
[EventDate "2005.11.??"]
[EventType "swiss"]
[EventRounds "13"]
[EventCountry "TUR"]
[Source "Reinhold Goldau"]
[SourceDate "2000.03.01"]

1. e4 e5 2. Nf3 Nc6 3. Bb5 a6 4. Ba4 Nf6 5. O-O Be7 6. Re1 b5 7. Bb3 O-O 8. c3
d5 9. exd5 Nxd5 10. Nxe5 Nxe5 11. Rxe5 Bb7 12. d4 Bf6 13. Re1 Re8 14. Bd2 Qd7
15. Na3 Rxe1+ 16. Qxe1 Re8 17. Qf1 c5 18. dxc5 Qc6 19. Nc2 Qxc5 20. Re1 Rd8 21.
Qe2 Bc6 22. h3 a5 23. a3 h6 24. Qh5 Qa7 25. Bc1 a4 26. Ba2 Qb7 27. Rd1 Nb6 28.
Rxd8+ Bxd8 29. Nd4 Nc4 30. Qc5 Bxg2 31. Qxb5 Qxb5 32. Nxb5 Bd5 33. Nd6 Nxd6 34.
Bxd5 Nc8 35. Bc6 Nb6 36. Bb5 f5 37. c4 Be7 38. Be3 Nc8 39. Bxa4 Bf6 40. Bc1 Bd4
41. b4 g5 42. c5 f4 43. Bd7 Na7 44. c6 Nb5 45. a4 Nc7 46. b5 Kf7 47. Bd2 Ke7
48. Bb4+ Kf6 49. Ba5 1-0

[Event "Jugend WM U20"]
[Site "Istanbul"]
[Date "2005.11.14"]
[Round "6.15"]
[White "Zhigalko, Sergei"]
[Black "Terrieux, Kevin"]
[Result "1-0"]
[WhiteElo "2490"]
[BlackElo "2365"]
[PlyCount "101"]
[EventDate "2005.11.??"]
[EventType "swiss"]
[EventRounds "13"]
[EventCountry "TUR"]
[Source "Reinhold Goldau"]
[SourceDate "2000.03.01"]

1. e4 c5 2. Nf3 Nc6 3. Bb5 d6 4. d4 cxd4 5. Qxd4 Bd7 6. Bxc6 Bxc6 7. Nc3 Nf6 8.
Bg5 e6 9. O-O-O Be7 10. Rhe1 O-O 11. Kb1 Qc7 12. Qd2 Rfd8 13. Nd4 a6 14. f3 b5
15. g4 b4 16. Nce2 a5 17. Ng3 Ra6 18. h4 Rb6 19. Rg1 Rc8 20. Be3 Nd7 21. g5 Ne5
22. b3 Be8 23. Nge2 Bf8 24. h5 Ra6 25. f4 Nd7 26. g6 Nc5 27. gxh7+ Kh8 28. Ng3
a4 29. h6 g6 30. Nde2 Bxh6 31. Nc1 Bg7 32. Bd4 e5 33. Bb2 a3 34. Ba1 Ne6 35.
Nd3 Rb6 36. Rg2 Nd4 37. Nxb4 Rxb4 38. fxe5 Qxc2+ 39. Qxc2 Rxc2 40. Rxc2 Nxc2
41. Kxc2 Rb6 42. exd6 Bxa1 43. Rxa1 Rxd6 44. Ne2 Kxh7 45. Nc3 g5 46. b4 Kg6 47.
b5 f5 48. exf5+ Kxf5 49. Rf1+ Kg4 50. Rg1+ Kh5 51. Rxg5+ 1-0

[Event "Jugend WM U20"]
[Site "Istanbul"]
[Date "2005.11.14"]
[Round "6.16"]
[White "Wen, Yang"]
[Black "Zinchenko, Yaroslav"]
[Result "0-1"]
[WhiteElo "2374"]
[BlackElo "2485"]
[PlyCount "86"]
[EventDate "2005.11.??"]
[EventType "swiss"]
[EventRounds "13"]
[EventCountry "TUR"]
[Source "Reinhold Goldau"]
[SourceDate "2000.03.01"]

1. e4 c5 2. Nf3 d6 3. d4 cxd4 4. Nxd4 Nf6 5. Nc3 Nc6 6. Bg5 Qb6 7. Nb3 e6 8.
Bxf6 gxf6 9. Be2 Bd7 10. Bh5 Ne5 11. O-O Nc4 12. Rb1 Rc8 13. Ne2 Bh6 14. Kh1 a5
15. Qd3 a4 16. Nbd4 Nd2 17. f4 Nxf1 18. Rxf1 Qxb2 19. Qh3 Bf8 20. Qh4 Be7 21.
f5 e5 22. Bxf7+ Kd8 23. Ne6+ Bxe6 24. Bxe6 Rxc2 25. Qe1 Kc7 26. Ng3 Rxg2 27.
Qc1+ Kb8 28. Qxb2 Rxb2 29. Nh5 Rc8 30. Bxc8 Kxc8 31. Rg1 Rxa2 32. Rg8+ Kd7 33.
Rg7 Ke8 34. Rg8+ Kf7 35. Rg7+ Kf8 36. Rxh7 a3 37. Rh8+ Kf7 38. Rh7+ Ke8 39.
Rh8+ Kd7 40. Ra8 d5 41. exd5 Rd2 42. d6 a2 43. dxe7 Kxe7 0-1

[Event "Jugend WM U20"]
[Site "Istanbul"]
[Date "2005.11.14"]
[Round "6.17"]
[White "Glud, Jacob Vang"]
[Black "Lenic, Luka"]
[Result "1-0"]
[WhiteElo "2349"]
[BlackElo "2476"]
[PlyCount "95"]
[EventDate "2005.11.??"]
[EventType "swiss"]
[EventRounds "13"]
[EventCountry "TUR"]
[Source "Reinhold Goldau"]
[SourceDate "2000.03.01"]

1. c4 g6 2. g3 Bg7 3. Bg2 d6 4. Nc3 Nf6 5. d3 O-O 6. Bg5 h6 7. Bd2 e5 8. e4 Nh5
9. Nge2 f5 10. exf5 gxf5 11. f4 exf4 12. Bd5+ Kh7 13. Nxf4 Nxf4 14. Bxf4 Re8+
15. Kd2 Nd7 16. Kc2 Ne5 17. Qh5 c6 18. Bf7 Nxf7 19. Qxf7 Rf8 20. Qh5 b5 21. Qf3
b4 22. Na4 Bb7 23. Rac1 Rf7 24. Qh5 Rf8 25. Rhe1 Qf6 26. h4 Kg8 27. c5 Ba6 28.
cxd6 Bb5 29. Be5 Bxa4+ 30. b3 Qf7 31. Qxf7+ Rxf7 32. bxa4 Bxe5 33. Rxe5 Rd8 34.
Re6 Kg7 35. Kb3 f4 36. gxf4 Rxf4 37. Rc4 Rf3 38. Rxc6 Rxd3+ 39. Kc2 Ra3 40.
Rc7+ Kg8 41. Rg6+ Kf8 42. Rxh6 Kg8 43. Rg6+ Kf8 44. Rh7 Rxa2+ 45. Kb3 Rh2 46.
Rh8+ Kf7 47. Rxd8 Kxg6 48. d7 1-0

[Event "Jugend WM U20"]
[Site "Istanbul"]
[Date "2005.11.14"]
[Round "6.20"]
[White "Xie, George Wendi"]
[Black "Moradiabadi, Elshan"]
[Result "0-1"]
[WhiteElo "2340"]
[BlackElo "2497"]
[PlyCount "178"]
[EventDate "2005.11.??"]
[EventType "swiss"]
[EventRounds "13"]
[EventCountry "TUR"]
[Source "Reinhold Goldau"]
[SourceDate "2000.03.01"]

1. e4 c5 2. Nf3 e6 3. d4 cxd4 4. Nxd4 a6 5. Bd3 Qc7 6. O-O Nf6 7. Qe2 d6 8. c4
g6 9. Nc3 Bg7 10. Rd1 O-O 11. Nf3 Nbd7 12. Bf4 Ng4 13. Rac1 Nge5 14. b3 b6 15.
Bb1 Nxf3+ 16. Qxf3 Ne5 17. Qe3 Rb8 18. Qd2 Rd8 19. Bh6 Bb7 20. Bxg7 Kxg7 21.
Ne2 Kg8 22. Rc3 Qe7 23. Nd4 Rbc8 24. Qf4 Nd7 25. Rh3 Qf6 26. Qh6 Nf8 27. Nf3 b5
28. cxb5 axb5 29. Ng5 Qg7 30. Qh4 f6 31. Nf3 e5 32. Ne1 Ne6 33. Rhd3 Qe7 34. f3
Kg7 35. Qf2 Qc7 36. R3d2 Qc5 37. Bd3 Nd4 38. Nc2 Nxc2 39. Rxc2 Qxf2+ 40. Kxf2
Rxc2+ 41. Bxc2 b4 42. Bd3 Kf8 43. Bb5 d5 44. exd5 Rxd5 45. Bd3 Ke7 46. Ke2 Ra5
47. Rd2 Bd5 48. Kd1 f5 49. Kc1 Ke6 50. Re2 Kd6 51. Kb2 Bc6 52. Bc4 e4 53. Bg8
Ra7 54. f4 Bb5 55. Rd2+ Kc6 56. Kc1 Bd3 57. Rb2 Kc5 58. Bc4 Kd4 59. Rd2 Kc3 60.
Bxd3 exd3 61. Kd1 Kd4 62. Rf2 Kc3 63. Rd2 Rd7 64. Ke1 Rd4 65. g3 Re4+ 66. Kd1
Kd4 67. a4 bxa3 68. Ra2 Re2 69. Rxa3 Rxh2 70. Ra7 Kc3 71. Rc7+ Kxb3 72. Ke1 h6
73. Rc6 g5 74. Rc5 gxf4 75. gxf4 h5 76. Rxf5 h4 77. Rf8 Kc3 78. Rc8+ Kd4 79.
Rd8+ Ke3 80. Re8+ Kxf4 81. Rf8+ Kg3 82. Rg8+ Kh3 83. Rd8 d2+ 84. Kd1 Rf2 85.
Rh8 Kg3 86. Rg8+ Kh2 87. Rh8 h3 88. Rg8 Kh1 89. Rh8 h2 0-1

[Event "Jugend WM U20"]
[Site "Istanbul"]
[Date "2005.11.14"]
[Round "6.21"]
[White "Magalashvili, Davit"]
[Black "Macak, Stefan"]
[Result "1-0"]
[WhiteElo "2448"]
[BlackElo "2319"]
[PlyCount "77"]
[EventDate "2005.11.??"]
[EventType "swiss"]
[EventRounds "13"]
[EventCountry "TUR"]
[Source "Reinhold Goldau"]
[SourceDate "2000.03.01"]

1. d4 Nf6 2. c4 g6 3. Nc3 Bg7 4. e4 d6 5. f3 O-O 6. Nge2 Nc6 7. Be3 a6 8. Qd2
Rb8 9. h4 h5 10. Bh6 e5 11. d5 Na5 12. Bxg7 Kxg7 13. Ng3 c5 14. Be2 b5 15. Nf1
Nxc4 16. Bxc4 bxc4 17. Ne3 a5 18. O-O-O Ba6 19. g4 Rh8 20. Rh2 Qc7 21. Rg1 Kf8
22. g5 Ne8 23. Rf2 Kg7 24. f4 exf4 25. Rxf4 Rf8 26. Qf2 Kg8 27. Rf3 Qe7 28. Rf1
Rb7 29. Ng2 Nc7 30. e5 Nb5 31. exd6 Nxd6 32. Qxc5 Rfb8 33. R3f2 Qe5 34. Re1 Qg3
35. Qe3 Qh2 36. Qe5 Qh3 37. Qxd6 Rxb2 38. Re3 Qh1+ 39. Ne1 1-0

[Event "Jugend WM U20"]
[Site "Istanbul"]
[Date "2005.11.14"]
[Round "6.22"]
[White "Jojua, Davit"]
[Black "Rau, Hannes"]
[Result "0-1"]
[WhiteElo "2337"]
[BlackElo "2421"]
[PlyCount "94"]
[EventDate "2005.11.??"]
[EventType "swiss"]
[EventRounds "13"]
[EventCountry "TUR"]
[Source "Reinhold Goldau"]
[SourceDate "2000.03.01"]

1. d4 Nf6 2. c4 e6 3. Nf3 b6 4. Bg5 Bb7 5. Nc3 Bb4 6. Nd2 c5 7. d5 Bxc3 8. bxc3
h6 9. Bh4 d6 10. e4 e5 11. Bd3 Nbd7 12. Nf1 Nf8 13. Bxf6 Qxf6 14. Qa4+ Kd8 15.
Rb1 Kc7 16. Ne3 Nd7 17. O-O h5 18. Qb5 g6 19. a4 a5 20. Qb2 Qg5 21. Qc2 Rab8
22. Rb3 Ba6 23. Rfb1 Rhg8 24. Bf1 Rgf8 25. Bd3 Kb7 26. Qb2 Ka7 27. Qc2 Qd8 28.
Rf1 Qg5 29. Rfb1 Rb7 30. R3b2 Nf6 31. h3 Ng8 32. Rb3 Nh6 33. Qd2 f5 34. Nf1 f4
35. f3 Qd8 36. Nh2 g5 37. Be2 Rg8 38. Qe1 Rb8 39. Qf2 Bc8 40. R3b2 Bd7 41. Bd1
g4 42. hxg4 hxg4 43. Nxg4 Nxg4 44. fxg4 Bxg4 45. Bxg4 Rxg4 46. Rb5 Rg3 47. Qb2
f3 0-1

[Event "Jugend WM U20"]
[Site "Istanbul"]
[Date "2005.11.14"]
[Round "6.23"]
[White "Nava, Roderick"]
[Black "Cornette, Matthieu"]
[Result "1/2-1/2"]
[WhiteElo "2317"]
[BlackElo "2418"]
[PlyCount "63"]
[EventDate "2005.11.??"]
[EventType "swiss"]
[EventRounds "13"]
[EventCountry "TUR"]
[Source "Reinhold Goldau"]
[SourceDate "2000.03.01"]

1. d4 Nf6 2. c4 c5 3. d5 e5 4. Nc3 d6 5. e4 Be7 6. h3 O-O 7. Nf3 a6 8. a4 Ne8
9. g4 g6 10. Bh6 Ng7 11. Rg1 Nd7 12. Qd2 Kh8 13. Bd3 Nf6 14. Ne2 Ng8 15. Ng3
Nxh6 16. Qxh6 Bd7 17. Nf1 b5 18. Ne3 bxa4 19. h4 f6 20. Nd1 Rb8 21. Qd2 Rb4 22.
h5 g5 23. Nh2 Qb6 24. Nf1 h6 25. f3 Rb8 26. Rg2 Bd8 27. Nfe3 Qb7 28. Kf1 Ba5
29. Qc1 Bd8 30. Ra2 Qb6 31. Re2 Qa5 32. Qa1 1/2-1/2

[Event "Jugend WM U20"]
[Site "Istanbul"]
[Date "2005.11.14"]
[Round "6.24"]
[White "Kvon, Andrey"]
[Black "Rohit, Gogineni"]
[Result "1-0"]
[WhiteElo "2293"]
[BlackElo "2401"]
[PlyCount "61"]
[EventDate "2005.11.??"]
[EventType "swiss"]
[EventRounds "13"]
[EventCountry "TUR"]
[Source "Reinhold Goldau"]
[SourceDate "2000.03.01"]

1. e4 c5 2. Nf3 e6 3. d4 cxd4 4. Nxd4 a6 5. Nc3 Qc7 6. Be2 b5 7. O-O Bb7 8. Re1
d6 9. Bh5 Qd7 10. a4 b4 11. Nd5 exd5 12. exd5+ Be7 13. Ne6 g6 14. Qd4 Bf6 15.
Nc5+ Kd8 16. Bg5 dxc5 17. Bxf6+ Nxf6 18. Qxf6+ Kc7 19. Re7 gxh5 20. Qe5+ Kb6
21. Rxd7 Nxd7 22. Qd6+ Ka7 23. Qxd7 Rhd8 24. Qxf7 Rxd5 25. Re1 Rad8 26. f3 R5d7
27. Qe6 a5 28. c4 bxc3 29. bxc3 h4 30. c4 Rd2 31. Qe5 1-0

[Event "Jugend WM U20"]
[Site "Istanbul"]
[Date "2005.11.14"]
[Round "6.25"]
[White "Kurmann, Oliver"]
[Black "Poobesh Anand, S."]
[Result "0-1"]
[WhiteElo "2287"]
[BlackElo "2397"]
[PlyCount "118"]
[EventDate "2005.11.??"]
[EventType "swiss"]
[EventRounds "13"]
[EventCountry "TUR"]
[Source "Reinhold Goldau"]
[SourceDate "2000.03.01"]

1. e4 c5 2. Nf3 Nc6 3. d4 cxd4 4. Nxd4 Nf6 5. Nc3 d6 6. f3 e5 7. Nb3 Be7 8. Be3
Be6 9. Nd5 Bxd5 10. exd5 Nb4 11. c4 a5 12. Be2 O-O 13. O-O Nd7 14. Nd2 Bg5 15.
Bf2 f5 16. a3 Na6 17. b3 Qe7 18. Rb1 e4 19. fxe4 fxe4 20. Bd4 Nac5 21. b4 axb4
22. axb4 Ra2 23. Rxf8+ Qxf8 24. Nf1 Na4 25. Ng3 Bf6 26. Bg4 e3 27. Bxe3 Nc3 28.
Qb3 Qe8 29. Be6+ Kh8 30. Rc1 Ne2+ 31. Nxe2 Rxe2 32. Rc2 Re1+ 33. Kf2 Rh1 34.
Qa4 Qf8 35. Ke2 Ne5 36. Bf4 Bg5 37. g3 h6 38. Ke3 Re1+ 39. Re2 Rf1 40. Rf2
Nxc4+ 41. Ke2 Rxf2+ 42. Kxf2 Bxf4 43. gxf4 Qxf4+ 44. Kg1 Qf8 45. Qd7 Nd2 46.
Qc8 Qxc8 47. Bxc8 b6 48. Kf2 Nc4 49. Ke2 Ne5 50. Kd2 Kg8 51. Kc3 Kf8 52. Kb3
Ke7 53. Ka4 Kd8 54. Be6 g5 55. h3 h5 56. Kb3 g4 57. hxg4 hxg4 58. Kc2 g3 59.
Bh3 Ng6 0-1

[Event "Jugend WM U20"]
[Site "Istanbul"]
[Date "2005.11.14"]
[Round "6.26"]
[White "Sulashvili, Malkhaz"]
[Black "Pileckis, Emilis"]
[Result "1-0"]
[WhiteElo "2386"]
[BlackElo "2255"]
[PlyCount "61"]
[EventDate "2005.11.??"]
[EventType "swiss"]
[EventRounds "13"]
[EventCountry "TUR"]
[Source "Reinhold Goldau"]
[SourceDate "2000.03.01"]

1. e4 c5 2. b3 d6 3. Bb2 Nf6 4. Bb5+ Bd7 5. Bxd7+ Nbxd7 6. d3 g6 7. f4 Bg7 8.
Nf3 O-O 9. O-O b5 10. Nbd2 Nxe4 11. Bxg7 Nxd2 12. Bxf8 Nxf1 13. Bxe7 Qxe7 14.
Kxf1 Qf6 15. a4 bxa4 16. Rxa4 Re8 17. Qd2 Nb6 18. Rxa7 Nd5 19. Ra4 Nc3 20. Rc4
Nb1 21. Qc1 d5 22. Rxc5 Nc3 23. Qd2 Nb1 24. Qb4 Qe7 25. Ne5 f6 26. Qd4 fxe5 27.
Qxd5+ Kf8 28. Qxe5 Nd2+ 29. Kg1 Qd8 30. Qh8+ Kf7 31. Rc7+ 1-0

[Event "Jugend WM U20"]
[Site "Istanbul"]
[Date "2005.11.14"]
[Round "6.27"]
[White "Maenhout, Thibaut"]
[Black "Esen, Baris"]
[Result "0-1"]
[WhiteElo "2282"]
[BlackElo "2384"]
[PlyCount "66"]
[EventDate "2005.11.??"]
[EventType "swiss"]
[EventRounds "13"]
[EventCountry "TUR"]
[Source "Reinhold Goldau"]
[SourceDate "2000.03.01"]

1. e4 e6 2. d3 d5 3. Nd2 Nf6 4. Ngf3 b6 5. c3 c5 6. Qa4+ Qd7 7. Qc2 Qc7 8. Be2
Be7 9. Nf1 Nc6 10. Ng3 h5 11. Bg5 Bb7 12. a3 O-O-O 13. b4 c4 14. a4 cxd3 15.
Bxd3 dxe4 16. Nxe4 Rxd3 17. Qxd3 Rd8 18. Qe3 Nxe4 19. O-O Nxg5 20. Nxg5 Bxg5
21. Qxg5 Qe5 22. Qxe5 Nxe5 23. Rfd1 Bd5 24. Rd4 Rd7 25. f4 Nc4 26. Kf2 g6 27.
h3 Rc7 28. g4 hxg4 29. hxg4 Nd6 30. Rc1 Ne4+ 31. Ke3 Nxc3 32. a5 Kb7 33. Kd3
Nb5 0-1

[Event "Jugend WM U20"]
[Site "Istanbul"]
[Date "2005.11.14"]
[Round "6.28"]
[White "Zeynalov, Farid"]
[Black "Grecescu, Gabriel-Andrei"]
[Result "1-0"]
[WhiteElo "2179"]
[BlackElo "2380"]
[PlyCount "133"]
[EventDate "2005.11.??"]
[EventType "swiss"]
[EventRounds "13"]
[EventCountry "TUR"]
[Source "Reinhold Goldau"]
[SourceDate "2000.03.01"]

1. d4 Nf6 2. c4 e6 3. Nf3 d5 4. g3 c5 5. Bg2 Nc6 6. cxd5 exd5 7. O-O Be6 8. Nc3
Be7 9. dxc5 Bxc5 10. Bg5 O-O 11. Rc1 Be7 12. Nd4 h6 13. Bf4 Bg4 14. h3 Bh5 15.
Nb3 Bb4 16. Nxd5 Nxd5 17. Bxd5 Qf6 18. Bxc6 bxc6 19. Qd4 Qxd4 20. Nxd4 c5 21.
Nf3 Rac8 22. g4 Bg6 23. Ne5 Bh7 24. Nc4 f5 25. a3 fxg4 26. Bd6 Rfe8 27. axb4
cxb4 28. hxg4 Rxe2 29. b3 Be4 30. Rfe1 Bf3 31. Ne5 Rxe1+ 32. Rxe1 Bd5 33. Ng6
Kh7 34. Ne7 Re8 35. Bxb4 Bxb3 36. Nc6 Rxe1+ 37. Bxe1 Bd1 38. Ne5 g5 39. Kg2 h5
40. Bd2 hxg4 41. Bxg5 a5 42. Kg3 a4 43. Bc1 Kg7 44. Nxg4 Bc2 45. Ne3 Bb1 46.
Kf4 Kf6 47. Nd5+ Ke6 48. Nc3 Bc2 49. Ba3 Bb3 50. Bc5 Bc2 51. Ke3 Kf5 52. Kd2
Bb3 53. Kc1 Kf6 54. Kb2 Kf5 55. Ka3 Kf6 56. Nxa4 Bd5 57. Kb4 Ke6 58. Nc3 Bf3
59. Kc4 Ke5 60. Kd3 Bh5 61. Ke3 Bg6 62. f4+ Ke6 63. Ba7 Bf5 64. Ne2 Bg6 65. Ng3
Kd5 66. f5 Bxf5 67. Nxf5 1-0

[Event "Jugend WM U20"]
[Site "Istanbul"]
[Date "2005.11.14"]
[Round "6.29"]
[White "Krivokapic, Marko"]
[Black "Amanov, Mesgen"]
[Result "1-0"]
[WhiteElo "2361"]
[BlackElo "2273"]
[PlyCount "89"]
[EventDate "2005.11.??"]
[EventType "swiss"]
[EventRounds "13"]
[EventCountry "TUR"]
[Source "Reinhold Goldau"]
[SourceDate "2000.03.01"]

1. e4 c5 2. Nf3 d6 3. d4 cxd4 4. Nxd4 Nf6 5. Nc3 a6 6. Be3 e6 7. Be2 Qc7 8. f4
b5 9. a3 Bb7 10. Bf3 Nbd7 11. Qe2 Be7 12. O-O O-O 13. Rad1 Rac8 14. Kh1 Rfd8
15. Bc1 Nc5 16. g4 d5 17. e5 Nfe4 18. Nxe4 Nxe4 19. Bg2 Bc5 20. c3 Qe7 21. Rd3
Bb6 22. Be3 Rc4 23. Qf3 Bxd4 24. Bxd4 a5 25. f5 b4 26. axb4 axb4 27. f6 Qf8 28.
fxg7 Qxg7 29. Ra1 Ra8 30. Rxa8+ Bxa8 31. cxb4 Qg5 32. Rd1 Bc6 33. h3 Rxb4 34.
Qa3 Ra4 35. Qe3 Qh4 36. Rc1 Bb7 37. Kh2 Qe7 38. Bxe4 dxe4 39. Bc5 Qd8 40. Rc2
Bd5 41. Bb6 Qf8 42. Qg5+ Kh8 43. Qf6+ Kg8 44. Be3 Ra1 45. Bh6 1-0

[Event "Jugend WM U20"]
[Site "Istanbul"]
[Date "2005.11.14"]
[Round "6.30"]
[White "Moosavian, S Hamed"]
[Black "Tikkanen, Hans"]
[Result "1-0"]
[WhiteElo "2263"]
[BlackElo "2343"]
[PlyCount "75"]
[EventDate "2005.11.??"]
[EventType "swiss"]
[EventRounds "13"]
[EventCountry "TUR"]
[Source "Reinhold Goldau"]
[SourceDate "2000.03.01"]

1. e4 g6 2. d4 Bg7 3. c3 d6 4. f4 Nf6 5. e5 dxe5 6. fxe5 Ng4 7. Bc4 Nc6 8. Nf3
Bxe5 9. Nxe5 Ncxe5 10. Be2 Qd5 11. O-O h5 12. dxe5 Qxe5 13. Bf4 Qa5 14. Bxg4
hxg4 15. Na3 Bd7 16. Nc4 Qh5 17. Qd4 Be6 18. Ne3 c6 19. Rfe1 O-O 20. Nf1 Rfd8
21. Qe3 Qb5 22. Be5 Rd5 23. b3 Qc5 24. Bd4 Qd6 25. Ng3 Rd8 26. Qh6 Rxd4 27.
cxd4 Qxd4+ 28. Qe3 Qb2 29. Ne4 Bd5 30. Qf2 Qg7 31. Rad1 b6 32. Ng5 e5 33. Qh4
Re8 34. Qxg4 f6 35. Nf3 e4 36. Nh4 Kh7 37. Re3 f5 38. Nxf5 1-0

[Event "Jugend WM U20"]
[Site "Istanbul"]
[Date "2005.11.14"]
[Round "6.31"]
[White "Papin, Vasily"]
[Black "Akshat, Khamparia"]
[Result "1-0"]
[WhiteElo "2425"]
[BlackElo "2275"]
[PlyCount "53"]
[EventDate "2005.11.??"]
[EventType "swiss"]
[EventRounds "13"]
[EventCountry "TUR"]
[Source "Reinhold Goldau"]
[SourceDate "2000.03.01"]

1. e4 c5 2. Nf3 d6 3. Bb5+ Nd7 4. d4 Ngf6 5. Nc3 cxd4 6. Qxd4 g6 7. Bg5 Bg7 8.
e5 dxe5 9. Nxe5 O-O 10. O-O-O Qb6 11. Nxd7 Qxd4 12. Rxd4 Nxd7 13. Rxd7 a6 14.
Ba4 Bxd7 15. Bxd7 Rfd8 16. Rd1 Bxc3 17. bxc3 Kf8 18. Be3 Kg7 19. Bd4+ f6 20.
Bb6 Rdb8 21. Be6 f5 22. Rd7 Kf6 23. Bd5 Re8 24. c4 Rac8 25. c5 e6 26. Bxb7 Rb8
27. c6 1-0

[Event "Jugend WM U20"]
[Site "Istanbul"]
[Date "2005.11.14"]
[Round "6.34"]
[White "Yagiz, Yasin Emrah"]
[Black "Aleskerov, Faik"]
[Result "0-1"]
[WhiteElo "2206"]
[BlackElo "2321"]
[PlyCount "114"]
[EventDate "2005.11.??"]
[EventType "swiss"]
[EventRounds "13"]
[EventCountry "TUR"]
[Source "Reinhold Goldau"]
[SourceDate "2000.03.01"]

1. Nf3 Nc6 2. c4 e5 3. Nc3 Nf6 4. g3 d5 5. cxd5 Nxd5 6. Bg2 Nxc3 7. bxc3 e4 8.
Nd4 Nxd4 9. cxd4 Qxd4 10. Rb1 Bc5 11. O-O O-O 12. Qc2 f5 13. d3 exd3 14. Qb3+
Kh8 15. Bb2 Qd6 16. Rfd1 Be6 17. Qc3 Qe7 18. exd3 c6 19. Re1 Rf6 20. Re2 Qf8
21. Qa5 Rg6 22. Qc7 f4 23. Qxb7 fxg3 24. hxg3 Rxg3 25. d4 Rxg2+ 26. Kxg2 Bd5+
27. Kg1 Bd6 28. Qd7 Qf3 29. Re8+ Bf8 30. Qxd5 cxd5 31. Rxa8 h5 32. Re1 Kh7 33.
Re3 Qd1+ 34. Kg2 Qg4+ 35. Kf1 Bd6 36. Rxa7 h4 37. Ba3 Bb8 38. Rf7 h3 39. Rff3
h2 40. Rh3+ Kg6 41. Bc5 Qg1+ 42. Ke2 h1=Q 43. Rxh1 Qxh1 44. a4 Qh5+ 45. Ke1 Bc7
46. Re6+ Kf5 47. Re7 Ba5+ 48. Kf1 g5 49. Re5+ Kf4 50. Kg2 Qf3+ 51. Kg1 Kg4 52.
Be7 Bd2 53. Re6 Qf5 54. Re5 Qh7 55. Re6 Kf3 56. Rb6 Qh3 57. Rf6+ Bf4 0-1

[Event "Jugend WM U20"]
[Site "Istanbul"]
[Date "2005.11.14"]
[Round "6.38"]
[White "Tanrikulu, Erhan"]
[Black "Barnaure, Vlad-Victor"]
[Result "0-1"]
[WhiteElo "2151"]
[BlackElo "2454"]
[PlyCount "68"]
[EventDate "2005.11.??"]
[EventType "swiss"]
[EventRounds "13"]
[EventCountry "TUR"]
[Source "Reinhold Goldau"]
[SourceDate "2000.03.01"]

1. e4 c6 2. d4 d5 3. exd5 cxd5 4. Bd3 Nc6 5. c3 Qc7 6. Bg5 e6 7. Nf3 Bd6 8. Bh4
Nge7 9. Bg3 Ng6 10. Bxd6 Qxd6 11. O-O Bd7 12. Re1 O-O 13. Nbd2 f6 14. Rc1 Nf4
15. Bb1 Rae8 16. c4 Ne7 17. Qc2 Neg6 18. g3 e5 19. gxf4 e4 20. cxd5 exf3 21.
Rxe8 Rxe8 22. Nxf3 Rc8 23. Qd2 Rxc1+ 24. Qxc1 Nxf4 25. Qe3 Nxd5 26. Qe4 g6 27.
a3 Kg7 28. Ba2 Bc6 29. Nd2 Nf4 30. Nc4 Qxd4 31. Qe7+ Kh6 32. Ne3 Qxb2 33. Qf8+
Kg5 34. Qc5+ f5 0-1

[Event "Jugend WM U20"]
[Site "Istanbul"]
[Date "2005.11.14"]
[Round "6.39"]
[White "Uzun, Fuat"]
[Black "Citak, Selim"]
[Result "1-0"]
[WhiteElo "2070"]
[BlackElo "2291"]
[PlyCount "107"]
[EventDate "2005.11.??"]
[EventType "swiss"]
[EventRounds "13"]
[EventCountry "TUR"]
[Source "Reinhold Goldau"]
[SourceDate "2000.03.01"]

1. e4 e5 2. Nf3 Nc6 3. Bb5 a6 4. Bxc6 dxc6 5. O-O Qd6 6. d4 exd4 7. Nxd4 Bd7 8.
Be3 O-O-O 9. Qf3 Nh6 10. Nc3 Ng4 11. Qf4 Nxe3 12. Qxe3 Qb4 13. a3 Qc4 14. Rfd1
Bd6 15. b3 Qc5 16. b4 Qh5 17. Nf3 Kb8 18. Ne2 Rhe8 19. Ng3 Qg6 20. Re1 Qh6 21.
Qxh6 gxh6 22. Rad1 c5 23. e5 Bf8 24. Nh5 Ba4 25. Nf6 Rxd1 26. Rxd1 Rc8 27. bxc5
Ka7 28. Kf1 Bxc5 29. Nd4 Bxd4 30. Rxd4 Bxc2 31. Rd7 Bb3 32. Ke1 c5 33. Ne4 Kb6
34. Kd2 Be6 35. Rd6+ Rc6 36. f4 Kc7 37. Rd3 Bf5 38. Re3 Bxe4 39. Rxe4 b5 40. f5
Kd7 41. Rg4 c4 42. Rg7 Ke8 43. Rg8+ Ke7 44. f6+ Ke6 45. Re8+ Kf5 46. g4+ Kg5
47. h4+ Kxh4 48. e6 Rc7 49. e7 Rd7+ 50. Kc2 Rd6 51. Rf8 Re6 52. e8=Q Rxe8 53.
Rxe8 Kg5 54. Ra8 1-0

[Event "Jugend WM U20"]
[Site "Istanbul"]
[Date "2005.11.14"]
[Round "6.41"]
[White "Tulay, Berkay"]
[Black "Stander, Heinrich"]
[Result "0-1"]
[WhiteElo "2179"]
[BlackElo "2128"]
[PlyCount "72"]
[EventDate "2005.11.??"]
[EventType "swiss"]
[EventRounds "13"]
[EventCountry "TUR"]
[Source "Reinhold Goldau"]
[SourceDate "2000.03.01"]

1. d4 Nf6 2. Nf3 g6 3. g3 Bg7 4. Bg2 O-O 5. c4 d6 6. O-O a6 7. Nc3 Nc6 8. a4
Na5 9. Nd2 c5 10. d5 e6 11. e4 exd5 12. cxd5 b5 13. Nb3 Nxb3 14. Qxb3 b4 15.
Nd1 a5 16. Ne3 Ba6 17. Nc4 Ng4 18. Re1 Bd4 19. Ne3 Ne5 20. h3 c4 21. Qc2 Nd3
22. Rd1 b3 23. Qd2 Rc8 24. Rb1 c3 25. bxc3 Bxc3 26. Qe2 Nc5 27. Qf3 Qf6 28.
Qxf6 Bxf6 29. Bb2 Bxb2 30. Rxb2 Rb8 31. Rd4 Nd3 32. Rb1 Rfc8 33. Nd1 b2 34. Bf1
Rc1 35. Nxb2 Rxb1 36. Nxd3 R8b3 0-1

[Event "Jugend WM U20"]
[Site "Istanbul"]
[Date "2005.11.14"]
[Round "6.42"]
[White "Agdestein, Emil"]
[Black "Can, Emre"]
[Result "0-1"]
[WhiteElo "2057"]
[BlackElo "2287"]
[PlyCount "66"]
[EventDate "2005.11.??"]
[EventType "swiss"]
[EventRounds "13"]
[EventCountry "TUR"]
[Source "Reinhold Goldau"]
[SourceDate "2000.03.01"]

1. c4 Nf6 2. g3 g6 3. Bg2 Bg7 4. Nc3 d6 5. e4 O-O 6. Nge2 c5 7. O-O Nc6 8. a3
a6 9. Rb1 Qa5 10. d3 Bd7 11. Bd2 Qd8 12. h3 b5 13. cxb5 axb5 14. Nxb5 Ne5 15.
d4 Bxb5 16. dxe5 dxe5 17. Re1 Bd3 18. Rc1 Nxe4 19. Nc3 Nxd2 20. Bxa8 Bh6 21.
Bg2 c4 22. Rxe5 Nb3 23. Rb1 e6 24. Kh2 Qf6 25. Re1 Qxf2 26. Ne4 Qd4 27. Qf3
Bxb1 28. Rxb1 f5 29. Nc3 Nd2 30. Qd1 Qf2 31. Ra1 f4 32. Kh1 f3 33. Bf1 Be3 0-1

[Event "Jugend WM U20"]
[Site "Istanbul"]
[Date "2005.11.14"]
[Round "6.43"]
[White "Bekkat, Azeddinne"]
[Black "Cil, Hasan Kivanc"]
[Result "1/2-1/2"]
[WhiteElo "2202"]
[BlackElo "2067"]
[PlyCount "143"]
[EventDate "2005.11.??"]
[EventType "swiss"]
[EventRounds "13"]
[EventCountry "TUR"]
[Source "Reinhold Goldau"]
[SourceDate "2000.03.01"]

1. d4 d5 2. c4 e6 3. Nc3 c6 4. Bf4 Nf6 5. e3 Nbd7 6. Nf3 Be7 7. Rc1 O-O 8. Bd3
Re8 9. O-O Nf8 10. Qb3 Nh5 11. Bg3 Nxg3 12. hxg3 Qb6 13. Qc2 Bd7 14. Rfd1 Rad8
15. a3 a5 16. Na4 Qc7 17. c5 f6 18. Qc3 Ng6 19. Nb6 Bf8 20. Qxa5 e5 21. Nh2 Be6
22. Qd2 e4 23. Be2 Nh8 24. Ra1 g5 25. a4 f5 26. a5 Bh6 27. a6 bxa6 28. Rxa6 Qg7
29. Rda1 Rf8 30. Ra7 Qf6 31. Rc7 Ng6 32. Raa7 Rf7 33. Rxf7 Bxf7 34. Qa5 Be6 35.
Ra8 Rf8 36. Rxf8+ Bxf8 37. Qa8 Ne7 38. Qd8 Qg6 39. Nd7 Bxd7 40. Qxd7 h5 41. Ba6
f4 42. g4 h4 43. Bf1 Kf7 44. b4 Qe6 45. Qa7 Qc8 46. Ba6 Qd8 47. Nf1 Ke6 48. Nd2
Qd7 49. Qb7 Qxb7 50. Bxb7 Kd7 51. Nb3 Kc7 52. Na5 Bg7 53. Kf1 Kd7 54. Ke1 Kc7
55. Kd2 Kd7 56. Ba6 Ng8 57. Be2 Nh6 58. Nb3 Bf6 59. Ke1 Bd8 60. Kf1 Bc7 61. Kg1
Ke6 62. Na5 Kd7 63. Bd1 Bxa5 64. bxa5 Kc7 65. Kh2 fxe3 66. fxe3 Nf7 67. Ba4 Nd8
68. Bd1 Nb7 69. a6 Na5 70. Kg1 Kb8 71. Kf2 Ka7 72. Be2 1/2-1/2